| 000 | 00947nam a2200277 i 4500 | ||
|---|---|---|---|
| 001 | 13019 | ||
| 003 | ES-MaACL | ||
| 005 | 20230906150454.0 | ||
| 007 | t| | ||
| 008 | 971030s1995 fr ||||1| fre d | ||
| 020 | _a2-07-073656-3 | ||
| 080 | _a299.1 | ||
| 080 | _a292.21 | ||
| 100 | 1 |
_aDumézil, Georges. _946001 |
|
| 245 | 1 | 0 |
_aMythe et épopée / _cGeorges Dumézil ; préface de Joël H. Grisward. |
| 260 |
_aParis : _bGallimard, _c1995. |
||
| 300 |
_a1463 p. ; _c21 cm. |
||
| 490 | 1 | _aQuarto | |
| 500 | _aContiene en un vol. : I. L'idéologie des trois fonctions dans les épopées des peuples indo-européens II. Types épiques indo-européens: un héros, un sorcier, un roi III. Histoires romaines. | ||
| 650 | 1 | 4 |
_aMitología indoeuropea. _915108 |
| 650 | 1 | 4 |
_aMitología romana. _915109 |
| 700 | 1 |
_aGrisward, Joël H. _960093 |
|
| 830 | 0 |
_aQuarto _9185277 |
|
| 852 |
_aES-MaACL _jL-20331 _bR.125031 |
||
| 999 |
_c13019 _d13019 |
||